000 00754nam a22002537a 4500
001 91935
003 UA-OsUOA
005 20210203095002.0
007 ta
008 20121207b un ||||| |||| 00| 0 ukr d
040 _aUA-OsUOA
_bukr
_cUA-OsUOA
_dUA-OsUOA
041 _aukr
080 _a821.161.2
090 _a821.161.2
_bЧ-15
100 _aЧайковський А.
245 _aТвори у восьми томах
_bісторичні повісті
260 _aЛьвів
_bЧервона калина
_c1993
300 _a424 с.
505 _gТ.3
650 7 _a82 Література. Літературознавство
_2UDC
942 _cBK
_2udc
955 _a3
999 _c378193
_d378193